000 00309nam a2200121Ia 4500
008 140130s9999 xx 000 0 und d
245 _cFritz, Jean
_aWhere was patrick henry on the 29th of may
260 _bScholastic,
_c1975
440 _v1
521 _aGrade 7 - Grade 12
942 _cBK
999 _c41346
_d41346